000 00572nam a2200217 a 4500
999 _c6209
_d6209
003 BD-JhCC
005 20180116185510.0
008 180116s1961 u a|||| || | 001 0 eng d
035 _a(BD-JhCC)
040 _aBD-JhCC
_dBD-JhCC
041 _aeng
082 _a513.2
_bBRU 1961
100 _aBrueckner, Leo J.
245 _aGaining Number Power /
_c Leo J. Brueckner,
260 _aNew York :
_bHolt, Rinehart and Winston, Inc
_c1961.
300 _a410 p. :
_bill. ;
_c23 cm.
504 _aIncludes Index
650 _aArithmatic
942 _2ddc
_cBK